=LDR 00000nam 2200000 4500 =001 INLIS000000000024012 =005 20201208014950 =035 ##$$a 0010-061300000024012 =008 201208################g##########0#ind## =041 ##$$a Ind =082 ##$$a 327.1 =090 ##$$a 320.9, Wij i =100 1#$$a Wijaya, A.W =245 1#$$a Indonesia asia afrika non block politik bebas aktif, /$c A.W Wijaya =260 ##$$a Jakarta :$b Bina Aksara,$c 1986 =300 ##$$a 108 hlm, ; $c 21x15 cm =650 #4$$a Politik bebas aktif =850 ##$$a NBPNMAT =084 ##$$a 327.1 WIJ i =250 ##$$a cet.1 =990 ##$$a 55.519/pro-93 =990 ##$$a 00091192 =990 ##$$a 00092890 =990 ##$$a 55.519/pro-93 =990 ##$$a 00091192 =990 ##$$a 00092890 =990 ##$$a 00091192 =990 ##$$a 55.519/pro-93 =990 ##$$a 00092890